000 00404nam a2200181Ia 4500
001 3626
005 20260306145657.0
008 260306t2000||||xx |||||||||||||| ||spa||
041 _aESP
082 _a300.72
_bK84
100 _aKrueger, Richard A.
_eAUT
245 0 _aFocus groups
260 _c2000
300 _a215 páginas :
_ccm.
650 _aGEN
654 _aCHU
942 _cLIB
_dJUS
_fJUS
_2ddc
_n
999 _c3626
_d3626